Fill in the Wiki Blanks - United Kingdom - Statistics

General Stats
  • This quiz has been taken 36 times
    9 since last reset
  • The average score is 17 of 20
Answer Stats
Fill 'em in! % Correct
Birmingham became known as the birthplace of heavy {metal}, with the band Black Sabbath starting there.
100%
Its currency, the {pound} sterling, is the fourth most-traded currency in the foreign exchange market.
100%
London {Heathrow} Airport, located 15 miles (24 km) west of the capital, is the world's second busiest airport.
100%
Roasts are served with either roasted or boiled vegetables, Yorkshire {pudding}, and gravy.
100%
The English playwright and poet William {Shakespeare} is widely regarded as the greatest dramatist of all time.
100%
The flag of the United Kingdom is the {Union} Flag.
100%
The red double-decker {bus} has entered popular culture as an internationally recognised icon of England.
100%
British imperial ambition turned towards Asia, particularly to {India}.
86%
In 1940, the Royal Air Force defeated the German {Luftwaffe} in the Battle of Britain.
86%
In 2016, 51.9 per cent of voters in the United Kingdom voted to leave the {European Union}.
86%
The {Labour} Party emerged from an alliance of trade unions and small socialist groups in 1900.
86%
The {Magna Carta} was the first document to state that no government was above the law.
86%
The Royal {Greenwich} Observatory in London was chosen as the defining point of the Prime Meridian.
86%
The United Kingdom is a constitutional {monarchy} and parliamentary democracy.
86%
The United Kingdom led the {Industrial} Revolution from the 18th century.
86%
In 1066, the {Normans} invaded England from northern France.
71%
The first international football match was contested by England and {Scotland} on 30 November 1872.
71%
{Wales} was fully incorporated into the Kingdom of England.
71%
The post-war limits of Britain's international role were illustrated by the {Suez} Crisis of 1956.
57%
The {Roman} departure was followed by Anglo-Saxon settlement.
57%
No matching quizzes found
Score Distribution
Percent of People with Each Score
Percentile by Number Answered
Your Score History
You have not taken this quiz since the last reset